000 00450nam a22001577a 4500
003 OSt
008 210915b ||||| |||| 00| 0 eng d
020 _a9789387973619
082 _a630.2515
_bPAT/IN
100 _aPatra, Alok Kumar
_94057
245 _aIntroduction to Agrometeorology & Climate Change
260 _aNew Delhi
_bNew India Publishing Agency
_c2020
300 _a247 pages
650 _ameteriology and Agricultural
_95069
942 _cBK
999 _c17440
_d17440